URRRRRRK - Statistics

General Stats
  • This quiz has been taken 5 times
  • The average score is 7 of 15
Answer Stats
Questions of URRRRRRK Answers of
URRRRRRK
% Correct
On which planet lies URRRRRRK Earth
100%
In which continent lies URRRRRRK Europe
100%
In which galaxy lies URRRRRRK the Milky way
100%
In which country lies URRRRRRK Netherlands
80%
In which province lies URRRRRRK Flevoland
60%
Next to which major lake lies the gigantic city of URRRRRRK IJsselmeer
60%
What is the population of URRRRRRK (in thousands) 22
40%
How old is the Mayor of URRRRRRK 55
40%
What is the nearest city from URRRRRRK Tollebeek
40%
How big is URRRRRRK (in Km²) 11,5
20%
In what year begins the history of URRRRRRK 966
20%
What is the first name of the Mayor of URRRRRRK Bart
20%
What VERY VERY VERY famous ornament do the URRRRRRKians of URRRRRRK wear Earring
20%
What is the name of the VERY VERY VERY VERY famous island with a perfectly round lake just south of URRRRRRK IJsseloog
20%
What is the double last name of the Mayor of URRRRRRK Jaspers Faijers
20%
No matching quizzes found
Score Distribution
Percent of People with Each Score
Percentile by Number Answered
Your Score History
You have not taken this quiz